Izvestija Spisanije na Ikonomičeskija universitet Varna
Saved in:
| Format: | Serial |
|---|---|
| Language: | Bulgarian |
| Published: |
Varna
Ikonomičeski universitet
1994
|
| Subjects: | |
| Tags: |
No Tags, Be the first to tag this record!
|
MARC
| LEADER | 00000nas2a2200000 4500 | ||
|---|---|---|---|
| 001 | s017951 | ||
| 005 | 20240109100243.0 | ||
| 041 | 0 | |a bul | |
| 044 | |a BG | ||
| 245 | 1 | 0 | |a Izvestija |b Spisanije na Ikonomičeskija universitet Varna |
| 264 | 1 | |a Varna |b Ikonomičeski universitet |c 1994 | |
| 300 | |a 1 zv. | ||
| 773 | 0 | |w eu_un_cat*s120099 | |
| 610 | 2 | 0 | |a Bulharsko |
| 610 | 2 | 0 | |a hospodárstvo národné |
| 610 | 2 | 0 | |a podnikanie |
| 610 | 2 | 0 | |a politika sociálna |